Nomenclatura biológica : (Record no. 113842)

MARC details
000 -LEADER
campo de control de longitud fija 00991nam a2200301 i 4500
001 - NÚMERO DE CONTROL
campo de control 113842
003 - IDENTIFICADOR DE NÚMERO DE CONTROL
campo de control ES-MaACL
005 - FECHA Y HORA DE LA ÚLTIMA TRANSACCIÓN
campo de control 20230906190021.0
007 - CAMPO FIJO DE DESCRIPCIÓN FÍSICA--INFORMACIÓN GENERAL
campo de control de longitud fija t|
008 - DATOS DE LONGITUD FIJA--INFORMACIÓN GENERAL
campo de control de longitud fija 061121s1976 sp r ||||1| spa d
020 ## - NÚMERO INTERNACIONAL ESTÁNDAR DEL LIBRO
Número Internacional Estándar del Libro 84-7214-075-X
080 ## - NÚMERO DE LA CLASIFICACIÓN DECIMAL UNIVERSAL
Número de la Clasificación Decimal Universal 57.06
080 ## - NÚMERO DE LA CLASIFICACIÓN DECIMAL UNIVERSAL
Número de la Clasificación Decimal Universal 582.3/.9.06
080 ## - NÚMERO DE LA CLASIFICACIÓN DECIMAL UNIVERSAL
Número de la Clasificación Decimal Universal 59.06
080 ## - NÚMERO DE LA CLASIFICACIÓN DECIMAL UNIVERSAL
Número de la Clasificación Decimal Universal 001.4:5
245 00 - MENCIÓN DEL TÍTULO
Título Nomenclatura biológica :
Resto del título código internacional de nomenclatura botánica : código internacional de nomenclatura zoológica /
Mención de responsabilidad, etc. versiones del inglés de Jesús Izco, Rafael Alvarado y Francisco D. Calonge.
250 ## - MENCION DE EDICION
Mención de edición 1ª ed.
260 ## - PUBLICACIÓN, DISTRIBUCIÓN, ETC.
Lugar de publicación, distribución, etc. Madrid :
Nombre del editor, distribuidor, etc. H. Blume,
Fecha de publicación, distribución, etc. 1976.
300 ## - DESCRIPCIÓN FÍSICA
Extensión 353 p. :
Otras características físicas il. ;
Dimensiones 25 cm.
504 ## - NOTA DE BIBLIOGRAFÍA, ETC.
Nota de bibliografía, etc. Bibliografía.
650 #4 - PUNTO DE ACCESO ADICIONAL DE MATERIA--TÉRMINO DE MATERIA
Término de materia o nombre geográfico como elemento de entrada Biología-
Subdivisión de forma Nomenclatura.
9 (RLIN) 176340
650 #4 - PUNTO DE ACCESO ADICIONAL DE MATERIA--TÉRMINO DE MATERIA
Término de materia o nombre geográfico como elemento de entrada Plantas-
Subdivisión general Nomenclatura.
9 (RLIN) 176341
650 #4 - PUNTO DE ACCESO ADICIONAL DE MATERIA--TÉRMINO DE MATERIA
Término de materia o nombre geográfico como elemento de entrada Animales-
Subdivisión de forma Nomenclatura.
9 (RLIN) 176342
700 1# - ENTRADA AGREGADA--NOMBRE PERSONAL
Nombre de persona Izco, Jesús.
9 (RLIN) 65688
700 1# - ENTRADA AGREGADA--NOMBRE PERSONAL
Nombre de persona Alvarado, Rafael.
9 (RLIN) 20596
700 1# - ENTRADA AGREGADA--NOMBRE PERSONAL
Nombre de persona Calonge, Francisco D.
9 (RLIN) 33774
852 4# - LOCALIZACIÓN
Ubicación ES-MaACL
Número de control de estantería A-10838
Holdings
Estatus retirado Estado de pérdida Estado de daño No para préstamo Biblioteca de origen Biblioteca actual Ubicación en estantería Fecha de adquisición Fuente de adquisición Total de préstamos Signatura topográfica completa Código de barras Visto por última vez Precio de reemplazo Tipo de ítem Koha
        Biblioteca del Ateneo de Madrid Biblioteca del Ateneo de Madrid Depósito 1 17/01/2008     A-10838 1118727 23/02/2023 23/02/2023 Libro impreso